<?xml version="1.0" encoding="UTF-8"?><?xml-stylesheet type="text/xsl" href="static/style.xsl"?><OAI-PMH xmlns="http://www.openarchives.org/OAI/2.0/" xmlns:xsi="http://www.w3.org/2001/XMLSchema-instance" xsi:schemaLocation="http://www.openarchives.org/OAI/2.0/ http://www.openarchives.org/OAI/2.0/OAI-PMH.xsd"><responseDate>2026-04-17T15:25:02Z</responseDate><request verb="GetRecord" identifier="oai:www.recercat.cat:2117/440467" metadataPrefix="marc">https://recercat.cat/oai/request</request><GetRecord><record><header><identifier>oai:recercat.cat:2117/440467</identifier><datestamp>2025-09-19T19:53:42Z</datestamp><setSpec>com_2072_1033</setSpec><setSpec>col_2072_452951</setSpec></header><metadata><record xmlns="http://www.loc.gov/MARC21/slim" xmlns:dcterms="http://purl.org/dc/terms/" xmlns:xsi="http://www.w3.org/2001/XMLSchema-instance" xmlns:doc="http://www.lyncode.com/xoai" xsi:schemaLocation="http://www.loc.gov/MARC21/slim http://www.loc.gov/standards/marcxml/schema/MARC21slim.xsd">
   <leader>00925njm 22002777a 4500</leader>
   <datafield ind2=" " ind1=" " tag="042">
      <subfield code="a">dc</subfield>
   </datafield>
   <datafield ind2=" " ind1=" " tag="720">
      <subfield code="a">Hastenteufel, Paul Moritz Frederic</subfield>
      <subfield code="e">author</subfield>
   </datafield>
   <datafield ind2=" " ind1=" " tag="260">
      <subfield code="c">2025-07-01</subfield>
   </datafield>
   <datafield ind2=" " ind1=" " tag="520">
      <subfield code="a">Esta tesis investiga cómo afectan los cuellos de botella de la infraestructura a la puntualidad y fiabilidad de la red de cercanías Roslagsbanan de Estocolmo. La red tiene una infraestructura compleja con tramos de vía única, señalización de bloque fijo y patrones de servicio mixtos que incluyen tanto paradas como servicios exprés. Utilizando más de 116.000 registros de trenes en tiempo real desde enero de 2025, el estudio utiliza estadísticas descriptivas, análisis de correlación, pruebas no paramétricas, regresión OLS y dos métodos de evaluación de la capacidad (UIC 406 y Observed Minimum Headway) para identificar los patrones de retraso y los impactos en la infraestructura. Los resultados muestran que los tramos de vía única y los cruces clave (por ejemplo, Djursholms Ösby, Roslags Näsby) reducen significativamente la fiabilidad, siendo los trenes en dirección sur y los expresos los más propensos a los retrasos. Los retrasos secundarios son más graves cerca de los bucles de paso y en la línea 29. Los puntos críticos de retrasos incluyen Universitetet y Galoppfältet, mientras que los trenes X15p más nuevos muestran una mejor puntualidad. El análisis de la capacidad indica que los segmentos del núcleo y de la línea 29 se acercan a la saturación. Las mejoras recomendadas incluyen cambios operativos, de horarios y de infraestructura. El estudio aporta ideas prácticas y metodológicas para mejorar el rendimiento de los trenes de cercanías mediante una planificación específica de las infraestructuras y los horarios.</subfield>
   </datafield>
   <datafield ind2=" " ind1=" " tag="520">
      <subfield code="a">This thesis investigates how infrastructure bottlenecks affect punctuality and reliability in Stockholm’s Roslagsbanan commuter rail network. The network has a complex infrastructure with single-track sections, fixed-block signalling, and mixed service patterns including both stopping and express services. Using over 116,000 real-time train records from January 2025, the study uses descriptive statistics, correlation analysis, non-parametric tests, OLS regression, and two capacity assessment methods (UIC 406 and Observed Minimum Headway) to identify delay patterns and infrastructure impacts. Findings show that single-track sections and key junctions (e.g., Djursholms Ösby, Roslags Näsby) significantly reduce reliability, with southbound and express trains more prone to delays. Secondary delays are most severe near passing loops and on line 29. Delay hotspots include Universitetet and Galoppfältet, while newer X15p trains show improved punctuality. Capacity analysis indicates that especially core and line 29 segments are nearing saturation. Recommended improvements include operational, timetable and infrastructure changes. The study provides practical and methodological insights for enhancing commuter rail performance through targeted infrastructure and timetable planning.</subfield>
   </datafield>
   <datafield ind1="8" ind2=" " tag="024">
      <subfield code="a">http://hdl.handle.net/2117/440467</subfield>
   </datafield>
   <datafield tag="653" ind2=" " ind1=" ">
      <subfield code="a">Àrees temàtiques de la UPC::Enginyeria civil::Infraestructures i modelització dels transports::Infraestructures i transport ferroviari</subfield>
   </datafield>
   <datafield tag="653" ind2=" " ind1=" ">
      <subfield code="a">Railroad rails</subfield>
   </datafield>
   <datafield tag="653" ind2=" " ind1=" ">
      <subfield code="a">Railroad travel</subfield>
   </datafield>
   <datafield tag="653" ind2=" " ind1=" ">
      <subfield code="a">Railroads</subfield>
   </datafield>
   <datafield tag="653" ind2=" " ind1=" ">
      <subfield code="a">Commuter rail</subfield>
   </datafield>
   <datafield tag="653" ind2=" " ind1=" ">
      <subfield code="a">Railway capacity analysis</subfield>
   </datafield>
   <datafield tag="653" ind2=" " ind1=" ">
      <subfield code="a">Railway infrastructure</subfield>
   </datafield>
   <datafield tag="653" ind2=" " ind1=" ">
      <subfield code="a">Delay analysis</subfield>
   </datafield>
   <datafield tag="653" ind2=" " ind1=" ">
      <subfield code="a">Timetabling</subfield>
   </datafield>
   <datafield tag="653" ind2=" " ind1=" ">
      <subfield code="a">Tren de rodalies</subfield>
   </datafield>
   <datafield tag="653" ind2=" " ind1=" ">
      <subfield code="a">Anàlisi de la capacitat ferroviària</subfield>
   </datafield>
   <datafield tag="653" ind2=" " ind1=" ">
      <subfield code="a">Infraestructura ferroviària</subfield>
   </datafield>
   <datafield tag="653" ind2=" " ind1=" ">
      <subfield code="a">Anàlisi de retard</subfield>
   </datafield>
   <datafield tag="653" ind2=" " ind1=" ">
      <subfield code="a">Horari</subfield>
   </datafield>
   <datafield tag="653" ind2=" " ind1=" ">
      <subfield code="a">Ferrocarrils--Vies</subfield>
   </datafield>
   <datafield tag="653" ind2=" " ind1=" ">
      <subfield code="a">Viatges en tren</subfield>
   </datafield>
   <datafield tag="653" ind2=" " ind1=" ">
      <subfield code="a">Ferrocarrils</subfield>
   </datafield>
   <datafield ind2="0" ind1="0" tag="245">
      <subfield code="a">The influence of infrastructure bottlenecks on scheduling and punctuality in commuter rail networks: a case study of Roslagsbanan</subfield>
   </datafield>
</record></metadata></record></GetRecord></OAI-PMH>